Leyes Penales (Registro nro. 1346)
[ vista simple ]
| 000 -LEADER | |
|---|---|
| fixed length control field | 01541 a2200193 4500 |
| 001 - CONTROL NUMBER | |
| control field | 25239 |
| 005 - DATE AND TIME OF LATEST TRANSACTION | |
| control field | 20260407155536.0 |
| 008 - FIXED-LENGTH DATA ELEMENTS--GENERAL INFORMATION | |
| fixed length control field | 260407a1976 arg spa d |
| 003 - CONTROL NUMBER IDENTIFIER | |
| control field | AR-UNSa-BCEJYS |
| 040 ## - CATALOGING SOURCE | |
| Original cataloging agency | AR-UNSa-BCEJYS |
| Language of cataloging | spa |
| Transcribing agency | AR-UNSa-BCEJYS |
| 080 ## - UNIVERSAL DECIMAL CLASSIFICATION NUMBER | |
| Universal Decimal Classification number | 343.2 |
| Common auxiliary subdivision | Derecho penal |
| 100 1# - MAIN ENTRY--PERSONAL NAME | |
| Personal name | Vázquez Iruzubieta, Carlos |
| 245 10 - TITLE STATEMENT | |
| Title | Leyes Penales |
| 264 #1 - PRODUCTION, PUBLICATION, DISTRIBUTION, MANUFACTURE, AND COPYRIGHT NOTICE | |
| Place of production, publication, distribution, manufacture | Buenos Aires : |
| Name of producer, publisher, distributor, manufacturer | Plus Ultra |
| Date of production, publication, distribution, manufacture, or copyright notice | 1976 |
| 300 ## - PHYSICAL DESCRIPTION | |
| Extent | 576 p. |
| Dimensions | 23 cm. |
| 505 ## - FORMATTED CONTENTS NOTE | |
| Formatted contents note | 1. Patronato de menores - 2. Trabajo de mujeres y menores - 3. Propiedad intelectual - 4. Reincidencia - 5. Profilaxis antivenerea - 6. Trabajo a Domicilo - 7. Conchabadores - 8. Ejercicio profesional de Ciencias Económicas - 9. Prenda con registro - 10. Inasistencia familiar - 11. Armas y explosivos - 12. Deslealtad nacional - 13. Proteción a los animales - 14. Cajas nacionales de previsión - 15. Comunismo - 16. Servicio militar - 17. Movilización - 18. Identificación - 19. Estupefacientes - 19. Expulsión de extranjeros - 20. Deporte - 21. Marcas - 22. Enrolamiento - 23. Monopolio - 24. Registro nacional de las personas - 25. Contrabando - 26. Factura conformada - 27. Defensa nacional - 28. Servicio penitenciario federal - 29. Aeronautica - 30. Usura - 31. Reforma del código penal - 32. Fuero antisubersivo - 32. Empleo de la FF.AA. en estado de sitio - 33. Concursos - 34. Régimen penitenciario de vistas - 35. Actuaciones militares - 36. Detención domiciliaria - 37. Censura - 38. Pena de muerte (derogación). |
| 590 ## - LOCAL NOTE (RLIN) | |
| Local note | niveau_biblio:m niveau_hierar:0 |
| 942 ## - ADDED ENTRY ELEMENTS (KOHA) | |
| Koha item type | |
| Withdrawn status | Lost status | Damaged status | Not for loan | Home library | Current library | Shelving location | Date acquired | Total checkouts | Full call number | Barcode | Date last seen | Price effective from | Koha item type |
|---|---|---|---|---|---|---|---|---|---|---|---|---|---|
| Biblioteca Prof. Eusebio Cleto del Rey | Biblioteca Prof. Eusebio Cleto del Rey | 07/04/2026 | 343.2 V393 | L24996 | 07/04/2026 | 07/04/2026 | Libro |